| 000 | 03357nam a2200253 a 4500 | ||
|---|---|---|---|
| 001 | 000003852 | ||
| 005 | 20200929150609.0 | ||
| 008 | 090714s2008 dr ac r 001 0 spa d | ||
| 040 |
_aDO-SdBNP _bspa _cBNPHU |
||
| 082 |
_a359.94097293 _bO77a |
||
| 100 | 1 |
_aOrtega Vergés, Carlos M. _911637 |
|
| 245 | 1 | 0 |
_aAviación militar dominicana : _bevolución histórica (1910-2008) / _cCarlos M. Ortega Vergés. |
| 260 |
_aSanto Domingo : _b[s.n.], _c2008. |
||
| 300 |
_a168 p. : _bil., retrs. ; _c23 cm. |
||
| 590 | _aInventariado, 2018/ YL | ||
| 500 | _aIncluye evolución fotográfica de la aviación dominicana | ||
| 500 | _a]Incluye tres ejemplares autografiados por el autor. | ||
| 505 | 0 |
_tAgradecimientos -- _tIntroducción -- _tLeyendas de la aviación ; _tJosé Pajarito o Burnside, ¿quién voló primero? ; _tMitología del vuelo ; _tLos precursores ; _tLa época heroica de la aviación ; _tLa aviación como nueva arma militar ; _tLa era dorada de la aviación -- _gCapítulo I -- _tInicios de la aviación en República Dominicana 1910-1930 ; _tLa aviación en Santo Domingo ; _tWest Indian Aerial Express ; _tCharles Lindbergh a Santo Domingo ; _tConformación de un cuerpo de aviación militar ; _tNuestros precursores -- _gCapítulos II -- _tCreación de la Aviación Militar Dominicana : Primera década : 1931-1940 ; _tAeronaves y asientos de aterrizaje ; _tBase naval y aérea ; _tPilotos ; _tGalería de ex comandantes del Cuerpo de Aviación -- _gCapítulo III -- _tNacimiento de la Fuerza Aérea Dominicana : Segunda décadas : 1941-1950 ; _tAeronaves ; _tPilotos ; _tGalería de ex jefes de Estado Mayor -- _gCapítulo IV -- _tDesarrollo de la Fuerza Aérea Dominicana : Tercera década : 1951-1960 ; _tCompañía de paracaidistas; creación del Comando de Fuerzas Especiales ; _tAdquisición de helicopteros; creación del Escuadrón de Rescate ; _tComando Aéreo Norte ; creación de la Base Aérea Santiago ; _tAdquisición de aeronaves ; _tEscuela de instructores ; _tMás promociones, más pilotos ; _tAcademia Militar Batalla de las Carreras ; _tGalería de ex jefes de Estado Mayor -- _gCapítulo V -- _tDesarrollo de la Fuerza Aérea Dominicana : Cuarta década : 1961-1970 ; _tMás aeronaves ; _tPilotos ; _tGalería ex jefes de Estado Mayor -- _gCapítulo VI -- _tDesarrollo de la Fuerza Aérea Dominicana : Quinta década : 1971-1980 ; _tAeronaves ; _tMás promociones, más pilotos ; _tGalería ex jefes de Estado Mayor -- _gCapítulo VII -- _tDesarrollo de la Fuerza Aérea Dominicana : sexta década : 1981-1990 ; _tCreación de la Academia Aérea Frank A. Féliz Miranda ; _tAeronaves ; _tPilotos ; _tGalería ex jefes de Estado Mayor -- |
|
| 505 | 0 |
_gDesarrollo de la Fuerza Aérea Dominicana : séptima década: 1991-2000 ; _tNuevas aeronaves y reacondicionamiento ; _tCapacitación y nuevos pilotos ; _tGalería de ex jefes de Estado Mayor -- _gCapítulo IX -- _tDesarrollo de la Fuerza Aérea Dominicana : ocho años de logros : 2001-2008 ; _tNuevas aeronaves y reacondicionamiento ; _tCapacitación y nuevos pilotos ; _tGaleria de ex jefes de Estado Mayor -- _gFuentes -- _gAnexos -- _gEvolución fotográfica. |
|
| 590 | _aLa biblioteca posee 3 ejemplares autografiados por el autor | ||
| 650 | 4 |
_aAviación militar _zRepública Dominicana _y1910-2008 _911638 |
|
| 651 | 4 |
_aRepública Dominicana _xFuerza Aérea _xHistoria _911639 |
|
| 910 | _aValidado. Control de calidad. MMOLINA | ||
| 999 |
_c3674 _d3674 |
||